000 00730cam a2200241 i 4500
005 20170207020001.0
008 010926s2003 pe 000 0 spa d
020 _a9977132267
040 _aDLC
_cDLC
_dDLC
041 _aspa
042 _apcc
043 _anccr---
044 _ape
082 0 4 _a344.046
_bM29m
245 1 0 _aManual de legislación ambiental /
_cEditores: Manuel Pulgar-Vidal, Isabel Calle.
260 _aSan José, Costa Rica :
_bInvestigaciones Jurídicas,
_c2004
300 _a363 páginas ;
_c21 cm.
650 1 4 _aControl ambiental
650 2 4 _aDerecho ambiental
700 1 _aPulgar-Vidal, Manuel,
_eeditor.
700 1 _a Calle, Isabel,
_eeditor.
942 _2ddc
_cLIBRO
_01
999 _c4672
_d4672